The Great Vocabulary Letter Heist #2 - Statistics

General Stats
  • This quiz has been taken 44 times
  • The average score is 13 of 15
Answer Stats
Question Answer % Correct
Public sale Action
100%
A casual or fleeting romantic affair Alliance
100%
To agree; concur Asset
100%
Haggard, emaciated Aunt
100%
To steer clear of Avid
100%
Guiding light Bacon
100%
Military bigwigs Bass
100%
A rough, uncontrolled fight Bawl
100%
To roar deeply and loudly Below
100%
Harmless; inoffensive Benin
100%
Wide range or extent Breath
100%
Of short duration Brie
100%
Unavailable Buy
100%
Sound of a campfire or radio static Cackle
100%
Deep ravine Canon
100%
To lease, as a plane or boat Carter
100%
Tribal leader Chef
100%
Wardrobe Close
100%
A particular punctuation mark Coma
100%
Whole Compete
100%
Existing at or dating from birth; inherent Congenial
100%
Composed for many singers Coral
100%
To duplicate Coy
100%
To shriek Cream
100%
Throng Crow
100%
Unwanted breeze Daft
100%
Sweetheart Daring
100%
First public appearance Debt
100%
To redirect or divert Defect
100%
To talk about Discus
100%
Lightly sleeping Doing
100%
Bagpipe sound Done
100%
To delete Ease
100%
Elevation Eight
100%
To guarantee Ensue
100%
Diplomatic representative or messenger Envy
100%
Highly-skilled person Exert
100%
Spigot Facet
100%
To break or rupture Facture
100%
Muslim religious ascetic Fair
100%
Unreliable person Fake
100%
A verifiable truth Fat
100%
Plume Father
100%
Liberated Fee
100%
Conflict or animosity Fiction
100%
Terror Fight
100%
To compel; to obligate Fore
100%
Prodigy; brainiac Genus
100%
Next-in-line; beneficiary Her
100%
Monastery; secluded residence Heritage
100%
Everlasting Immoral
100%
To turn upside-down Inert
100%
To examine closely Insect
100%
Entomologist's interest Inset
100%
Major highway of the United States Intestate
100%
Shock to the system; unpleasant surprise Jot
100%
To pass by, as time Lapse
100%
Tanned animal skin Lather
100%
Corporate symbol Log
100%
Mental picture Mage
100%
Harbor for yachts and other boats Maria
100%
Drug prescribed by a doctor Mediation
100%
A flirtatious girl Mix
100%
To asphyxiate Mother
100%
Whipped dessert Mouse
100%
Motion picture Move
100%
Computer accessory Muse
100%
Impartial; unbiased Neural
100%
Dark film genre Nor
100%
To spew forth Omit
100%
Extra financial gift Onus
100%
Boundary Order
100%
Tranquility; calm Pace
100%
Checkered or tartan pattern Paid
100%
To coddle or overly indulge Paper
100%
Forbearing, tolerant Patent
100%
Easy on the eyes; attractive Petty
100%
Initial episode of a TV show Plot
100%
Widely liked Poplar
100%
Object that refracts light Prim
100%
To crush or compress Quash
100%
Calm; noiseless Quit
100%
Politically extreme Radial
100%
Luminous Radian
100%
Fast-moving Raid
100%
River vessel Rat
100%
To censor or obscure a text React
100%
The state of things as they are Realty
100%
Musical performance Rectal
100%
To fend off or drive away Reel
100%
Head of a republic Resident
100%
To overturn or revoke Revere
100%
Cost; value Rice
100%
Expansive Road
100%
To hide or squirrel away for the future Sash
100%
To pay tribute to; hail Saute
100%
To save from wreckage or ruin Savage
100%
Balm; healing ointment Save
100%
To cut short or trim Save
100%
Insufficient for demand Scare
100%
Emotion, feeling Sentient
100%
To push roughly Shoe
100%
Cunning Shrew
100%
A mark of disgrace or shame Sigma
100%
Omen Sin
100%
Solitary; individual Singe
100%
Sprinkling; small amount Slash
100%
Astonishment Sock
100%
To berate or rebuke Sold
100%
Item of cutlery Soon
100%
To hose down or sprinkle Spay
100%
Overly pampered Spilt
100%
To grow or shoot forth Spout
100%
Water source Sprig
100%
Paper clip alternative Stale
100%
To deprive of food Stare
100%
Legacy or wealth (esp. after death) State
100%
To muffle or suffocate Stile
100%
Thin cord or twine Sting
100%
Earnest; diligent Studios
100%
Firmly built; stout Study
100%
In depth; rigorous Through
100%
To make amends Tone
100%
To push forcibly Trust
100%
Sikh headdress Urban
100%
Immense Vat
100%
Restaurant employee Water
100%
Pause Wit
100%
To exchange Witch
100%
The earth Word
100%
Took an oath Wore
100%
Wide, tree-lined street Venue
83%
Enclosed in Aid
80%
To love too much; worship Defy
80%
Signal light Fare
80%
Out in the open Pubic
80%
To alienate or keep apart Strange
80%
Leisurely walk Troll
80%
The art or science of good eating Astronomy
75%
Tedious task Core
75%
Soft, absorbent paper Issue
75%
To delight or make happy Lease
75%
To shine or sparkle Listen
75%
To chase after Purse
75%
Automaton Root
75%
Oceanic nation Toga
75%
Something neglected or left undone Mission
71%
To condense or shorten (a piece of writing) Bridge
67%
Buddy; amigo Compare
67%
To manufacture; bring to life Crate
67%
Political takeover; insurrection Cup
67%
Tyrannical ruler Depot
67%
To evaluate Jude
67%
To grab hold of; take by force Size
67%
Narrow waterway, such as the Hormuz or Bering, eg. Trait
67%
Actor's speech heard by the audience, but not by other characters Aide
60%
Advisory group Bard
56%
Clergyman Arson
50%
Online journal or personal webpage Bog
50%
Small boat Cane
50%
Societal division Case
50%
To withhold something from someone Derive
50%
European cavalryman of the 17th and 18th centuries Dragon
50%
Initially Fist
50%
Common wind instrument Lute
50%
At some time in the past One
50%
Dismissal; expulsion Outer
50%
Light, dry, newly-fallen snow Power
50%
Confirmation Roof
50%
Wall-mounted candle holder Scone
50%
A period or phase of a competition Stag
50%
Written law; organizational rule Statue
50%
To crouch down Stop
50%
Religious treatise or pamphlet Tact
50%
Fireplace remnants, eg. Reside
33%
Yearly Annul
0%
The human chest Boom
0%
Horse's headgear Bride
0%
To run around playfully Camper
0%
A wreck or collision Cash
0%
Member of a forensic team Corner
0%
Arc Cure
0%
To provide funding Fiance
0%
Not Jewish Gentle
0%
Morphine-derived opiate Heron
0%
Disembodied soul Host
0%
Ridiculous; bonkers Inane
0%
Asian national capital Mania
0%
Having strength or virility, eg. Many
0%
A recess in a wall Nice
0%
Lustrous gem Pear
0%
Objective, purpose Pint
0%
To speak highly of Raise
0%
To write back Rely
0%
To keep in check or hold back Retrain
0%
Strong and vigorous Roust
0%
Harsh; forbidding Sever
0%
To overwhelm with work Swap
0%
To activate or set off Tigger
0%
Very small Tin
0%
No matching quizzes found
Score Distribution
Percent of People with Each Score
Percentile by Number Answered
Your Score History
You have not taken this quiz